Normal view
MARC view
Entry Topical Term
001 - CONTROL NUMBER
- control field: 17230
003 - CONTROL NUMBER IDENTIFIER
- control field: OSt
005 - DATE AND TIME OF LATEST TRANSACTION
- control field: 20260122131339.0
008 - FIXED-LENGTH DATA ELEMENTS
- fixed length control field: 260122|| aca||aabn | a|a d
040 ## - CATALOGING SOURCE
- Original cataloging agency: OSt
- Transcribing agency: OSt
150 ## - HEADING--TOPICAL TERM
- Topical term or geographic name entry element: Industrial Disputes Act, 1947
- Topical term or geographic name entry element: Trade Unions Act, 1926
- Topical term or geographic name entry element: Minimum Wages Act, 1948
670 ## - SOURCE DATA FOUND
- Source citation: Work cat.: (OSt)360366: Garg, Sandeep 2859, Shram Aur Audhogik Vidhiyan / Labour & Industrial Laws , 2026
